| 000 | 00728nam a22002177a 4500 | ||
|---|---|---|---|
| 003 | OSt | ||
| 005 | 20230914150112.0 | ||
| 008 | 221006b |||||||| |||| 00| 0 eng d | ||
| 040 | _cBiblioteca Lado V | ||
| 082 |
_a708 _bR788j |
||
| 100 |
_9983 _aRosado del Valle, Julio _eautor |
||
| 245 | _aJulio Rosado del Valle/ | ||
| 260 |
_aPuerto Rico _bUniversidad del Sagrado Corazón _c1989 |
||
| 300 |
_c28x22cm _a58p. |
||
| 366 | _espa | ||
| 650 |
_2Tesauro de Arte & Arquitectura _aARTE _9703 |
||
| 650 |
_2Tesauro de Arte & Arquitectura _aEXHIBICION _9702 |
||
| 650 |
_2Tesauro de Arte & Arquitectura _aPINTURA _9702 |
||
| 650 |
_2Tesauro de Arte & Arquitectura _aESCULTURA |
||
| 942 |
_2ddc _c1 _h708 _iR788j _n0 |
||
| 999 |
_c4328 _d4328 |
||